000 00782nam a2200265Ia 4500
003 OSt
005 20220927105216.0
006 a|||||r|||| 00| 0
007 ta
008 220926b |||||||| |||| 00| 0 eng d
020 _a8176463655
024 _a148980
037 _cReference Collections
040 _aRTL
_cRTL
_beng
041 _2eng
_aeng
082 _a"Y1125:(T9(Y31):3(S5).216, N3;P3"
100 _aMurthy M S R
_9370966
245 0 _aSex awareness among rural girls
260 _aDelhi
_bB R Publishing Corporation India
_c2003
300 _a"xxv, 124p"
_ccm.
500 _aBibliography P 105-110
650 _aSociology
942 _h"Y1125:(T9(Y31):3(S5).216, N3;P3"
_cCC
999 _c691216
_d691216